| 000 | 00466nam a2200157 i 4500 | ||
|---|---|---|---|
| 001 | 149666 | ||
| 003 | ES-MaACL | ||
| 005 | 20230906203211.0 | ||
| 007 | t| | ||
| 008 | 071023s1935 mx ||||1| spa d | ||
| 100 | 1 |
_aVasquez, Genaro V. _9113277 |
|
| 245 | 1 | 0 |
_aSéptimo Congreso Científico Americano / _ccolaboración de Genaro V. Vasquez. |
| 260 |
_aMéxico : _b[s.n.], _c1935 ( _fTall. Gráfs. de la Nación) |
||
| 300 | _a48 p. | ||
| 852 |
_aES-MaACL _j1820-F-20 |
||
| 999 |
_c149666 _d149666 |
||